00834 2200301 4500001002100000005001500021035002000036007000300056040001200059100003100071245006900102250001000171041000800181082000800189084001400197090002500211264003900236336002100275337003000296338002300326650001200349700004200361850001000403008004100413020002200454300003400476990002200510INLIS00000000000899320260513113920 a0010-1022000368ta aSBPUPAD0 aIvan TaniputeraePengarang1 aHistory Of China /cIvan Taniputera ; editor, Abdul Qodir Sholeh aCet.5 aInd a951 a951 WEL h a899.221 ALM s 24-17 aYogyakarta :bAr-Ruzz Media,c2016 2rdacontentateks 2rdamediaatanpa perantara 2rdacarrieravolume 4aSejarah0 aeditor, Abdul Qodir SholehePengarang aPUPAD260513 0  a978-979-25-4488-3 a696 hlm. :bilus. ;c15x22 cm a23.549/H/DPK/2017